Born to fly: (Record no. 163227)

MARC details
000 -LEADER
fixed length control field 00602nam a2200181 4500
005 - DATE AND TIME OF LATEST TRANSACTION
control field 20190404155820.0
010 ## - LCCN (DPL NO)
LC control number ENG-125018
020 ## - INTERNATIONAL STANDARD BOOK NUMBER
International Standard Book Number 9789382711667
Terms of availability 495.00
035 ## - SYSTEM CONTROL NUMBER
System control number EN-108550
037 ## - SOURCE OF ACQUISITION
Source of stock number/acquisition DBAD/PUB
082 ## - DEWEY DECIMAL CLASSIFICATION NUMBER
Classification number N
100 ## - MAIN ENTRY--PERSONAL NAME
Personal name Sathe, Nitin
245 ## - TITLE STATEMENT
Title Born to fly:
Remainder of title Fighter pilot MP Anil Kumar teaches us there is no battle the mind cannot win/
Statement of responsibility, etc by Nitin Sathe
260 ## - PUBLICATION, DISTRIBUTION, ETC. (IMPRINT)
Place of publication, distribution, etc New Delhi
Name of publisher, distributor, etc Vitasta Publishing Pvt Ltd.
Date of publication, distribution, etc 2017
270 ## - ADDRESS
Address 21/15, Ansari Road, Daryaganj
City New Delhi
Postal code 1100002
Electronic mail address info@vistatapublishing.com
300 ## - PHYSICAL DESCRIPTION
Extent 216p.
Other physical details ill.
Dimensions 23cm(Hb)
942 ## - ADDED ENTRY ELEMENTS (KOHA)
Source of classification or shelving scheme Dewey Decimal Classification
Item type English Books
Classification part N
Call number suffix SAT
Holdings
Withdrawn status Lost status Not for loan Collection code Home library Current library Date acquired Source of acquisition Cost, normal purchase price Full call number Barcode Copy number Cost, replacement price Koha item type
    Not For Loan Fiction D.B.Act.Division Patel Nagar 04/04/2019 DBAD/PUB 495.00 N SAT EN-108550 1 495.00 English Books

© Delhi Public Library
Hit Counter
free hit counter